| Registos Bibliográficos associados ao registo de autoridade |
|
Etiqueta de registo: 00000nkm 2200025 450 001 2275516 003 http://id.bnportugal.gov.pt/bib/catbnp/2275516 100 ## $a20260304d1978 m y0pory01030103ba 101 0# $apor 102 ## $aPT 200 1# $aFestival aeronáutico, Comemoração do 26.º aniversário da Força Aérea Portuguesa, Faro,
2 jul. 78$bVisual gráfico]$fForça Aérea Portuguesa 210 #9 $a[Lisboa]$cForça Aérea Portuguesa,$d1978$e[S.l.] :$gC.P.F.A.) 215 ## $a1 cartaz$ccolor.$d55x36,9 cm 317 ## $aColeção Madeira Luís 710 02 $aFestival Aeronáutico,$eFaro,$f1978$31988796 711 02 $aAniversário da Força Aérea Portuguesa,$d26,$eFaro,$f1978$31988798 712 01 $aPortugal.$bForça Aérea$4557$3136437 801 #0 $aPT$bBN$gRPC 966 ## $lBN$mICONOG$sCT. 23134 A.$x3 971 ## $cCaticonografia1$d20260304 995 ## $aPRR2026
|
|
|